000 00769nam a2200193 a 4500
003 0
005 20250407113301.0
008 071126s19uu xx 00 eng d
050 _aPHS TP 248.T4
_b.M36 2007
100 _aMante, Mar Paulo G.
245 _aThe Effect of boiled and cold pressed green tea (Camella sinensis) extract on gram negative bacteria /
_cMar Paulo G. Mante.
260 _aLas PiƱas City, Philippines :
_bSouthville International School and Colleges,
_c2007.
300 _a27 pages :
_billustrations ;
_c28 cm.
504 _aIncludes bibliographical references.
650 _aGreen tea
_xEffect on bacteria.
650 _aAntimicrobial properties of green tea.
650 _aGram-negative bacteria
_xEffects of plant extracts.
942 _2lcc
_cPASS
999 _c97857
_d97857